Research trends in air pollution control : scrubbing, hot gas clean-up, sampling and analysis

Αποθηκεύτηκε σε:
Λεπτομέρειες βιβλιογραφικής εγγραφής
Συγγραφή απο Οργανισμό/Αρχή: National Meeting of AICHe : Portland
Άλλοι συγγραφείς: Brna, Theodore G., Mahalingham, R. (Ramamurth) 1938- (Επιμελητής έκδοσης), Engel, Alfred J. (Επιμελητής έκδοσης)
Μορφή: Πρακτικό Συνεδρίου Βιβλίο
Γλώσσα:English
Δημοσίευση: New York : American Institute of Chemical Engineers, c1981
Σειρά:AIChE symposium series ; 211
Θέματα:
Ετικέτες: Προσθήκη ετικέτας
Δεν υπάρχουν, Καταχωρήστε ετικέτα πρώτοι!

MARC

LEADER 00000cam a2200000 i 4500
001 1/104897
008 950607s1981 eng d
020 |a 0-8169-0219-4 
035 |l 10013450 
040 |a GR-MY-UA  |b gre  |e aacr 
041 0 |a eng 
082 0 |a 628.532 
111 2 |a National Meeting of AICHe  |n (89th :  |d 1980  |c : Portland) 
245 1 0 |a Research trends in air pollution control :  |b scrubbing, hot gas clean-up, sampling and analysis /  |c Edited by R. Mahalingham and Alfred J. Engel ; Theodore G. Brna...[et al.] 
260 |a New York :   |b American Institute of Chemical Engineers,   |c c1981 
300 |a v, 94 p.;  |b ill.;  |c 28 cm 
490 1 |a AIChE symposium series  |v ; 211 
500 |a Papers presented at the AIChE 89th National Meeting, held Aug. 1980, Portland, Or 
504 |a Includes bibliographical references 
650 0 0 |a Flue gases  |x Purification. 
650 0 0 |a Speeches, addresses, etc. 
700 1 |a Brna, Theodore G. 
700 1 |a Mahalingham, R.  |q (Ramamurth)  |d 1938-  |4 edt 
700 1 |a Engel, Alfred J.  |4 edt 
852 |a INST  |b LESVOS  |e 19950607  |h 628.532 RES  |p 005100000143  |q 005100000143  |t BK  |y 0 
909 |a Λ  |b 022725